Geboren in Wesel - Statistiken

Allgemein
  • Dieses Quiz wurde 30 mal gespielt
  • Das Durchschnittsergebnis liegt bei 3 aus 6
Antwortstatistiken
Hinweis Antwort % Korrekt
Herausgeber des ersten deutschen Rechtschreibwörterbuchs 1829 Konrad Duden
96%
Kabarettist, Autor und Moderator, "Nuhr im Ersten" 1960 Dieter Nuhr
81%
Sprecher der "Tagesschau" von 1985 bis 2020 1950 Jan Hofer
54%
NSDAP-Politiker, Reichsaußenminister und verurteilter Kriegsverbrecher 1893 Joachim von Ribbentrop
27%
Chemikerin und Entdeckerin des Elements Rhenium 1896 Ida Noddack
15%
CDU-Politiker und von 1957 bis 1961 Bundesfinanzminister 1902 Franz Etzel
4%
Keine übereinstimmenden Quizze gefunden
Verteilung der Resultate
Anzahl Personen mit jedem Resultat
Perzentil nach korrekt beantworteten Fragen
Ihre Resultats-Entwicklung
Sie haben dieses Quiz noch nicht gespielt